All Eurovision's winners - Statistics

General Stats
  • This quiz has been taken 19 times
  • The average score is 62 of 69
Answer Stats
Hint Answer % Correct
1958 France
100%
1960 France
100%
1962 France
100%
1969 France
100%
1977 France
100%
1982 Germany
100%
2010 Germany
100%
1964 Italy
100%
1990 Italy
100%
2021 Italy
100%
2017 Portugal
100%
1968 Spain
100%
1969 Spain
100%
1956 Switzerland
100%
1988 Switzerland
100%
1967 UK
100%
1969 UK
100%
1976 UK
100%
1981 UK
100%
1997 UK
100%
1957 Netherlands
95%
1959 Netherlands
95%
1969 Netherlands
95%
1975 Netherlands
95%
2019 Netherlands
95%
1985 Norway
95%
1995 Norway
95%
2009 Norway
95%
1974 Sweden
95%
1984 Sweden
95%
1991 Sweden
95%
1999 Sweden
95%
2012 Sweden
95%
2015 Sweden
95%
2004 Ukraine
95%
2016 Ukraine
95%
2022 Ukraine
95%
1986 Belgium
89%
1963 Denmark
89%
2000 Denmark
89%
2013 Denmark
89%
2006 Finland
89%
2008 Russia
89%
2001 Estonia
84%
1961 Luxemburg
84%
1965 Luxemburg
84%
1972 Luxemburg
84%
1973 Luxemburg
84%
1983 Luxemburg
84%
2007 Serbia
84%
2003 Turkey
84%
1966 Austria
79%
2014 Austria
79%
2005 Greece
79%
1970 Ireland
79%
1980 Ireland
79%
1987 Ireland
79%
1992 Ireland
79%
1993 Ireland
79%
1994 Ireland
79%
1996 Ireland
79%
2002 Latvia
79%
1978 Israel
74%
1979 Israel
74%
1998 Israel
74%
2018 Israel
74%
1989 Yugoslavia
68%
1971 Monaco
58%
2011 Azerbaijan
42%
No matching quizzes found
Score Distribution
Percent of People with Each Score
Percentile by Number Answered
Your Score History
You have not taken this quiz